Normal view MARC view

Entry Personal Name

Number of records used in: 1

001 - CONTROL NUMBER

  • control field: 9418

003 - CONTROL NUMBER IDENTIFIER

  • control field: DLC

005 - DATE AND TIME OF LATEST TRANSACTION

  • control field: 20230904134317.0

008 - FIXED-LENGTH DATA ELEMENTS

  • fixed length control field: 860605n| azannaabn |a aaa

010 ## - LIBRARY OF CONGRESS CONTROL NUMBER

  • LC control number: n 86104343

035 ## - SYSTEM CONTROL NUMBER

  • System control number: (OCoLC)oca01670468

040 ## - CATALOGING SOURCE

  • Original cataloging agency: DLC
  • Language of cataloging: eng
  • Description conventions: rda
  • Transcribing agency: DLC
  • Modifying agency: CSt

046 ## - SPECIAL CODED DATES

  • Birth date: 1951-01-10
  • Source of date scheme: edtf

100 1# - HEADING--PERSONAL NAME

  • Personal name: Helmsing, A. H. J.,
  • Dates associated with a name: 1951-

400 1# - SEE FROM TRACING--PERSONAL NAME

  • Personal name: Helmsing, Bert,
  • Dates associated with a name: 1951-

670 ## - SOURCE DATA FOUND

  • Source citation: His Firms, farms, and state, 1986:
  • Information found: CIP t.p. (A.H.J. Helmsing) data sheet (Helmsing, Bert, b. 1/10/51)

Powered by Koha